| 000 | 01429nam a2200301 i 4500 | ||
|---|---|---|---|
| 003 | EG-GICUC | ||
| 005 | 20260218093418.0 | ||
| 008 | 260112s2005 ua o|||fr|||| 00| 0 ara d | ||
| 040 |
_a EG-GICUC _bara _c EG-GICUC _d EG-GICUC _erda |
||
| 041 | _aAra | ||
| 082 | 0 | 4 |
_221 _a343.397 _bح س . و |
| 092 | 0 | 4 | _221 |
| 099 | _aLaw1 10 343.397 ح س . و 2005 | ||
| 100 | 0 |
_aحسنين المحمدى البوادي _eمؤلف. |
|
| 245 | 1 | 2 |
_aالوسائل العلمية الحديثة فى الإثبات الجنائى : _bبصمات الأصابع -بصمة الصوت - بصمة المخ - الحمض النووي - جهاز كشف الكذب - مضاهاة الخطوط اليدوية - تحليل الأحبار - تحليل الدم و البقع المنوية / _cتأليف لواء دكتور حسنين المحمدى البوادي. |
| 264 | 1 |
_aالإسكندرية : _bمنشأة المعارف، _c2005. |
|
| 300 |
_a184 صفحة : _bصور؛ _c24 سم. |
||
| 336 |
_2rda content _atext |
||
| 337 |
_2rda media _aComputer |
||
| 338 |
_2rda carrier _aOnline Resource |
||
| 546 | _aالنص باللغة العربية | ||
| 650 | 1 |
_aالوسائل العلمية الحديثة والإثبات الجنائى _2qrmak |
|
| 650 | 1 |
_aالقانون الجنائى _2qrmak |
|
| 651 | 1 | _2qrmak | |
| 856 | 4 | 0 | _uhttps://fll.law.cu.edu.eg/fulltext/bks/B10-07746.pdf |
| 905 |
_a54 _eYara |
||
| 942 |
_2ddc _cBK _e21 _n0 |
||
| 999 |
_c56640 _d56640 |
||